[Event "Bethune op-B 24th"]
[Site "Bethune"]
[Date "2003.12.28"]
[Round "4"]
[White "Robion, Jean Claude"]
[Black "Dernoncourt, Julien"]
[Result "1/2-1/2"]
[WhiteElo "1590"]
[BlackElo "1399"]
[PlyCount "36"]
[EventDate "2003.12.26"]
[EventType "swiss"]
[EventRounds "9"]
[EventCountry "FRA"]
[SourceTitle "EXT 2005"]
[Source "ChessBase"]
[SourceDate "2004.11.15"]
[SourceVersion "1"]
[SourceVersionDate "2004.11.15"]
[SourceQuality "1"]

1. e4 e5 2. Nf3 Nc6 3. Bb5 Bc5 4. 0-0 d6 5. c3 Bg4 6. d3 h5 7. Be3 h4 8. h3 Nf6 9. hxg4 Nxg4 10. Bxc5 dxc5 11. Nh2 Nxh2 12. Kxh2 Qd7 13. Nd2 0-0-0 14. Qa4 Qe6 15. Bxc6 bxc6 16. Qxa7 Qf6 17. Qa8+ Kd7 18. Qa4 Qf4+ 1/2-1/2